000
002820000a22000970004500
100
1
_a
Pierson, Paul
245
1
0
_a
Leadership training and the Latin America Mission
300
_a
Vol. 75, Num. 2 (Julio-Diciembre, 1995), Páginas 8-9
773
0
_t
Latin America Evangelist
942
_c
ANA
999
_c
54917
_d
54917